Países que fazem fronteira com: Ucrânia#26 - Statistics

Estatísticas Gerais
  • Esse quiz foi jogado 124 vezes
  • A pontuação média é 6 de 7
Estatísticas das Respostas
Resposta % Correto
Rússia
100%
Bielorrússia
99%
Romênia
92%
Polônia
90%
Moldávia
88%
Eslováquia
86%
Hungria
85%
Nenhum quiz correspondente encontrado
Distribuição das Pontuações
Porcentagem de Pessoas com Cada Pontuação
Percentil de Números Respondidos
Sua Pontuação Histórica
Você não jogou esse quiz